| 000 | 02563nam1a22003971 4500 | ||
|---|---|---|---|
| 001 | RU\NLR\A1\33114 | ||
| 005 | 20251203152403.2 | ||
| 035 | _a(NLR Aleph) 009683255 | ||
| 090 |
_a9709633 _c9709633 |
||
| 100 | _a20020211d1795 u y0rusy50 ca | ||
| 101 | 1 |
_arus _bger _cfre |
|
| 102 | _aRU | ||
| 200 | 1 |
_aПутешествие Волнея в Сирию и Египет, бывшее в 1783, 1784, 1785 годах, _eПереведено с французскаго на немецкой, с немецкаго же на российской язык _eС кунштами и географическими картами _f[Пер.] Н.М. |
|
| 210 |
_aМ. _cУнив. тип., у Ридигера и Клаудия _d1795 |
||
| 215 | _d8° | ||
| 305 | _aТитул. изд. кн. 1791-1793 гг. | ||
| 314 | _aПер. Николая Маркова | ||
| 321 | 1 | _aСК XVIII. Доп. 25 | |
| 451 | 1 |
_1001RU\NLR\A1\2359 _12001#$aПутешествие Волнея в Сирию и Египет, бывшее в 1783, 1784 и 1785 годах$fПеревод с немецкаго [Николая Маркова]$gСамый же подлинник на французском языке$gС присовокуплением географических карт и кунштов _1700#1$6z01700$6z03790$aВольней$bК.Ф.$f1757-1820$gКонстантен Франсуа$4070 _1700#1$6z01700$aVolney$bC.F.$gConstantin François _99667617 _aВольней, К. Ф. (1757-1820) _cПечатано в Москве _d1791-1793 _fПеревод с немецкаго [Николая Маркова] _nиждивением Никиты Водопьянова _tПутешествие Волнея в Сирию и Египет, бывшее в 1783, 1784 и 1785 годах |
|
| 463 | 0 |
_1001RU\NLR\A1\33115 _12000#$aЧ.2 _913476150 _pIV, 682 с., 4 л. ил., к. _tЧ.2 |
|
| 620 | _dМосква | ||
| 700 | 1 |
_6z02790 _aВольней _bК.Ф. _f1757-1820 _gКонстантен Франсуа _4070 |
|
| 700 | 1 |
_aVolney _bC.F. _gConstantin François |
|
| 702 | 1 |
_6z01790 _aМарков _bН. _gНиколай _4730 |
|
| 702 | 1 |
_aРидигер _bХ. _gХристиан _4610 |
|
| 702 | 1 |
_aКлаудий _bХ.А. _f-1805 _gХристофор Александрович _4610 |
|
| 712 | 0 | 2 |
_aМосковский университет _bТипография _4610 |
| 790 | 0 |
_6z01702 _aН.М. |
|
| 790 | 1 |
_6z02700 _aВолней _4070 |
|
| 801 | 0 |
_aRU _bNLR _c20020211 |
|
| 899 | _aРГБ | ||
| 899 | _aРГБ | ||
| 942 | _cBOOK | ||
| 980 | _aNB | ||
| 980 | _aA1XVIIIv | ||